All East China Sea Cities 1M+ - Statistics

General Stats
  • This quiz has been taken 35 times
  • The average score is 7 of 12
Answer Stats
Country City Population % Correct
China Shanghai 26.3 million
96%
Taiwan Taipei 2.6 million
92%
Japan Fukuoka 1.5 million
88%
China Fuzhou 7.7 million
79%
China Hangzhou 10.3 million
79%
China Ningbo 8.2 million
71%
China Wenzhou 9.9 million
67%
China Taizhou 1.9 million
46%
China Jiaxing 1.3 million
38%
China Shaoxing 4.9 million
38%
China Zhoushan 1.1 million
29%
China Ningde 2.8 million
25%
No matching quizzes found
Score Distribution
Percent of People with Each Score
Percentile by Number Answered
Your Score History
You have not taken this quiz